[Event "Meltwater Tour Final 2022"]
[Site "chess24.com INT"]
[Date "2022.11.14"]
[Round "1.1"]
[White "Praggnanandhaa, R"]
[Black "Mamedyarov, Shakhriyar"]
[Result "0-1"]
[WhiteTitle "GM"]
[BlackTitle "GM"]
[WhiteElo "2678"]
[BlackElo "2741"]
[WhiteFideId "25059530"]
[BlackFideId "13401319"]
[EventDate "2022.11.14"]

1. e4 e5 2. Nf3 Nc6 3. Bc4 Nf6 4. d3 d5 5. exd5 Nxd5 6. O-O Nb6 7. Bb3 Bg4 8.
Nbd2 Qe7 9. h3 Bh5 10. Ne4 O-O-O 11. Ng3 Bg6 12. Re1 f6 13. a4 a5 14. Bd2 Kb8
15. Qe2 h5 16. d4 h4 17. Ne4 exd4 18. Bf4 Qxe4 19. Qxe4 Bxe4 20. Rxe4 g5 21. Bd2
Bc5 22. Re6 Rhf8 23. Rae1 Bb4 24. c3 dxc3 25. bxc3 Bc5 26. R1e2 Nd7 27. Bd5 Nde5
28. Nxe5 Nxe5 29. c4 c6 30. Bxa5 cxd5 31. Bxd8 Rxd8 32. cxd5 Rxd5 33. Rxf6 g4
34. Kf1 Bb4 35. Kg1 g3 36. fxg3 hxg3 37. Rc2 Ba5 38. Rc1 Rd4 39. Kf1 Rxa4 40.
Rf5 Re4 41. Rg5 Re3 42. h4 Nc4 43. h5 Nd2+ 44. Kg1 Bb6 45. Rg8+ Ka7 46. Ra1+
Ra3+ 0-1

[Event "Meltwater Tour Final 2022"]
[Site "chess24.com INT"]
[Date "2022.11.14"]
[Round "1.1"]
[White "Le, Quang Liem"]
[Black "Giri, Anish"]
[Result "1/2-1/2"]
[WhiteTitle "GM"]
[BlackTitle "GM"]
[WhiteElo "2728"]
[BlackElo "2764"]
[WhiteFideId "12401137"]
[BlackFideId "24116068"]
[EventDate "2022.11.14"]

1. d4 Nf6 2. c4 e6 3. Nf3 d5 4. g3 Be7 5. Bg2 O-O 6. O-O dxc4 7. Qc2 a6 8. a4
Bd7 9. Qxc4 Bc6 10. Bg5 Nbd7 11. Nc3 h6 12. Bxf6 Nxf6 13. a5 Bd6 14. Rfd1 Bd5
15. Qd3 Bxf3 16. Bxf3 c6 17. Qc2 Qe7 18. e3 Rad8 19. Na4 e5 20. dxe5 Bxe5 21.
Qb3 g6 22. Rac1 Kg7 23. Rxd8 Rxd8 24. Nc5 Rb8 25. Nd3 Bd6 26. Rc4 h5 27. Qc3 Kg8
28. Kg2 Re8 29. Qb3 Qe6 30. Rc3 Qxb3 31. Rxb3 Rb8 32. Kf1 Kf8 33. Ke2 Nd7 34.
Bg2 Ne5 35. f4 Nxd3 36. Rxd3 Ke7 37. Rd4 Rd8 38. e4 Bc7 39. Rb4 Rd2+ 40. Kf3
Rd3+ 41. Ke2 Rd2+ 42. Kf3 Rd3+ 43. Ke2 Rd2+ 1/2-1/2

[Event "Meltwater Tour Final 2022"]
[Site "chess24.com INT"]
[Date "2022.11.14"]
[Round "1.1"]
[White "Carlsen, Magnus"]
[Black "So, Wesley"]
[Result "1/2-1/2"]
[WhiteTitle "GM"]
[BlackTitle "GM"]
[WhiteElo "2859"]
[BlackElo "2760"]
[WhiteFideId "1503014"]
[BlackFideId "5202213"]
[EventDate "2022.11.14"]

1. e4 e5 2. Nf3 Nc6 3. Bb5 Nf6 4. O-O Nxe4 5. Re1 Nd6 6. Nxe5 Be7 7. Bf1 Nxe5 8.
Rxe5 O-O 9. d4 Bf6 10. Re1 Re8 11. Bf4 Rxe1 12. Qxe1 Ne8 13. c3 d5 14. Nd2 c6
15. a4 a5 16. Bd3 g6 17. Nf3 Nd6 18. Qe3 Bg4 19. Re1 Qf8 20. h3 Bd7 21. g4 Re8
22. Ne5 Be6 23. Qg3 g5 24. Bc1 Bd8 25. Nf3 f6 26. h4 h6 27. hxg5 hxg5 28. Qh2
Ne4 29. Nd2 f5 30. gxf5 Bxf5 31. Nxe4 Bxe4 32. Bxe4 Rxe4 33. Rxe4 dxe4 34. Qh3
Kg7 35. Kg2 Qf7 36. Qg4 Qd5 37. Be3 Kg6 38. Qg3 b5 39. axb5 cxb5 40. Qb8 a4 41.
Kf1 Qc4+ 42. Ke1 Bf6 43. Qe8+ Kf5 44. Qd7+ Kg6 45. Qe8+ Kf5 46. Qd7+ Kg6 47.
Qe8+ 1/2-1/2

[Event "Meltwater Tour Final 2022"]
[Site "chess24.com INT"]
[Date "2022.11.14"]
[Round "1.1"]
[White "Duda, Jan-Krzysztof"]
[Black "Erigaisi, Arjun"]
[Result "1-0"]
[WhiteTitle "GM"]
[BlackTitle "GM"]
[WhiteElo "2731"]
[BlackElo "2718"]
[WhiteFideId "1170546"]
[BlackFideId "35009192"]
[EventDate "2022.11.14"]

1. c4 c6 2. Nf3 d5 3. g3 g6 4. Qa4 d4 5. b4 Bg7 6. Bb2 e5 7. d3 Ne7 8. Bg2 O-O
9. O-O Be6 10. Nbd2 Nd7 11. Qc2 a5 12. a3 h6 13. Nb3 a4 14. Nbxd4 exd4 15. Nxd4
Nf5 16. Nxf5 gxf5 17. Bxg7 Kxg7 18. Rfd1 Qf6 19. e3 Ne5 20. Qe2 Rad8 21. Rac1 b5
22. cxb5 cxb5 23. Rc5 Nxd3 24. Rxd3 Bc4 25. Bd5 Bxd3 26. Qxd3 Rd6 27. Kg2 Qb2
28. Qxf5 Rf6 29. Qg4+ Rg6 30. Qe4 Rf6 31. Rc2 Qb1 32. Qg4+ Kh8 33. Qd4 Qxc2 34.
Qxf6+ Kg8 35. e4 Qc1 36. h4 Qxa3 37. Qg6+ Kh8 38. Qxh6+ Kg8 39. Qg6+ Kh8 40.
Qf6+ Kg8 41. h5 1-0

[Event "Meltwater Tour Final 2022"]
[Site "chess24.com INT"]
[Date "2022.11.14"]
[Round "1.2"]
[White "Giri, Anish"]
[Black "Le, Quang Liem"]
[Result "1/2-1/2"]
[WhiteTitle "GM"]
[BlackTitle "GM"]
[WhiteElo "2764"]
[BlackElo "2728"]
[WhiteFideId "24116068"]
[BlackFideId "12401137"]
[EventDate "2022.11.14"]

1. e4 e5 2. Nf3 Nc6 3. Bb5 a6 4. Ba4 Nf6 5. O-O Nxe4 6. d4 b5 7. Bb3 d5 8. dxe5
Be6 9. Nbd2 Nc5 10. c3 d4 11. Bxe6 Nxe6 12. cxd4 Ncxd4 13. a4 Bb4 14. axb5 Nxb5
15. Qa4 c5 16. Nc4 O-O 17. Be3 Rb8 18. Qd1 Qc8 19. Qd5 Rd8 20. Qe4 a5 21. Rfc1
Qa6 22. Ng5 Nxg5 23. Bxg5 Rd4 24. Qe2 Qg6 25. Be3 Rd5 26. Qf3 Qe6 27. Nxa5 Bxa5
28. Rxa5 h6 29. Qg3 Rd3 30. Qf4 Nd4 31. Bxd4 Rxd4 32. Qe3 Rxb2 33. Raxc5 Rdd2
34. Qe4 f5 35. Qa8+ Kh7 36. Rf1 Re2 37. Qd5 Qxd5 38. Rxd5 f4 39. g3 fxg3 40.
hxg3 Kg6 41. Kg2 Kf5 42. Rd7 Kg6 43. Rd6+ Kf7 44. Rd7+ Kg6 45. Re7 Rb5 46. Rc1
Rbxe5 47. Rc6+ Kh7 48. Rxe5 Rxe5 49. Rb6 Re7 50. Rc6 Rf7 51. Rb6 Re7 52. Rc6 Rf7
53. Rb6 Re7 1/2-1/2

[Event "Meltwater Tour Final 2022"]
[Site "chess24.com INT"]
[Date "2022.11.14"]
[Round "1.2"]
[White "Mamedyarov, Shakhriyar"]
[Black "Praggnanandhaa, R"]
[Result "1/2-1/2"]
[WhiteTitle "GM"]
[BlackTitle "GM"]
[WhiteElo "2741"]
[BlackElo "2678"]
[WhiteFideId "13401319"]
[BlackFideId "25059530"]
[EventDate "2022.11.14"]

1. d4 d5 2. c4 dxc4 3. Nf3 Nf6 4. e3 e6 5. Bxc4 c5 6. O-O Nc6 7. Bb5 Bd7 8. Nc3
cxd4 9. exd4 Be7 10. d5 exd5 11. Nxd5 O-O 12. Nxe7+ Nxe7 13. Bxd7 Qxd7 14. Bg5
Qf5 15. Re1 Nc6 16. Qb3 b6 17. Qa4 b5 18. Qh4 Rad8 19. Rac1 Rd6 20. h3 Qd7 21.
Bf4 Rd5 22. Ne5 Nxe5 23. Bxe5 Qf5 24. Bxf6 Qxf6 25. Qxf6 gxf6 26. Rc6 Kg7 27.
Re3 Rfd8 28. Rg3+ Rg5 29. Rf3 f5 30. Rc5 a6 31. h4 Rh5 32. g3 Rd2 33. Rb3 Rh6
34. Rxf5 Rf6 35. Rxf6 Kxf6 36. Kg2 h5 37. a3 Kg6 38. Rb4 f6 39. g4 hxg4 40.
Rxg4+ Kh5 41. Rb4 Rc2 42. Kg3 Rd2 43. f3 Rc2 44. Kf4 Kxh4 45. Kf5+ Kg3 46. f4
Rf2 47. a4 bxa4 48. Rxa4 Rf3 49. Rc4 a5 50. Ra4 Rf2 51. Ra3+ Rf3 52. Ra4 Rf2 53.
Ra3+ Rf3 54. Ra4 1/2-1/2

[Event "Meltwater Tour Final 2022"]
[Site "chess24.com INT"]
[Date "2022.11.14"]
[Round "1.2"]
[White "Erigaisi, Arjun"]
[Black "Duda, Jan-Krzysztof"]
[Result "1/2-1/2"]
[WhiteTitle "GM"]
[BlackTitle "GM"]
[WhiteElo "2718"]
[BlackElo "2731"]
[WhiteFideId "35009192"]
[BlackFideId "1170546"]
[EventDate "2022.11.14"]

1. d4 Nf6 2. c4 g6 3. Nc3 d5 4. cxd5 Nxd5 5. e4 Nxc3 6. bxc3 Bg7 7. Bb5+ c6 8.
Ba4 O-O 9. Ne2 b5 10. Bb3 a5 11. O-O a4 12. Bc2 c5 13. Rb1 Ba6 14. d5 Nd7 15. h4
Qa5 16. h5 b4 17. cxb4 cxb4 18. Bd2 Bc3 19. Bxc3 bxc3 20. Bd3 Rfc8 21. Rc1 Nc5
22. Bxa6 Qxa6 23. h6 Nxe4 24. Qd4 Nf6 25. Nxc3 Qc4 26. Qe5 Qh4 27. Qxe7 Re8 28.
Qd6 Rad8 29. Qg3 Qxh6 30. Rcd1 Nh5 31. Qf3 Qf4 32. Rd3 Rd6 33. Rfd1 Rc8 34. Ne4
Rdd8 35. g4 f5 36. Nf6+ Kh8 37. Nxh5 Qxf3 38. Rxf3 fxg4 39. Rf7 gxh5 40. d6 Rc6
41. d7 Re6 42. Rd5 Kg8 43. Rf4 Re7 44. Rfd4 Rg7 45. Kg2 h4 46. Rxa4 h3+ 47. Kg3
Rgxd7 48. Rxg4+ Kh8 49. Rxd7 Rxd7 50. a4 Rd3+ 51. Kh2 Rf3 52. Kg1 h2+ 53. Kxh2
Rxf2+ 54. Rg2 Rf5 55. Ra2 Ra5 56. Kg3 Kg7 57. Kf4 Kf6 58. Ke4 Ke6 59. Kd4 Kd6
60. Kc4 Kc6 61. Kb4 Rg5 62. a5 Rg4+ 63. Kc3 Kb7 64. Rh2 Ka6 65. Rxh7 Kxa5 1/2-1/2

[Event "Meltwater Tour Final 2022"]
[Site "chess24.com INT"]
[Date "2022.11.14"]
[Round "1.2"]
[White "So, Wesley"]
[Black "Carlsen, Magnus"]
[Result "1/2-1/2"]
[WhiteTitle "GM"]
[BlackTitle "GM"]
[WhiteElo "2760"]
[BlackElo "2859"]
[WhiteFideId "5202213"]
[BlackFideId "1503014"]
[EventDate "2022.11.14"]

1. e4 d6 2. d4 Nf6 3. Nc3 g6 4. Be3 c6 5. Qd2 Nbd7 6. Nf3 Qc7 7. Bd3 e5 8. h3
Bg7 9. O-O O-O 10. a4 exd4 11. Bxd4 Ne5 12. Be2 a5 13. Rad1 Re8 14. Be3 Bf8 15.
Bh6 Bxh6 16. Qxh6 Nxf3+ 17. Bxf3 Nd7 18. Qd2 Qb6 19. b3 Qb4 20. Qd4 Nc5 21. Qe3
d5 22. Rxd5 Nxa4 23. bxa4 cxd5 24. Nxd5 Qd6 25. Rd1 Qe5 26. Be2 Be6 27. f4 Qb2
28. Nc7 Qxc2 29. Nxa8 Rxa8 30. f5 Bc4 31. Bf3 Re8 32. f6 Qb3 33. Qf4 h6 34. e5
Kh7 35. Rd7 b5 36. Be4 Be6 37. Re7 Rxe7 38. fxe7 Qd1+ 39. Kh2 Qd7 40. axb5 Qxe7
41. b6 a4 42. b7 Qc7 43. Qg3 h5 44. Qa3 h4 45. Qb2 Bb3 46. Bd5 Qb8 47. Qd4 Bxd5
48. Qxd5 Kg7 49. g3 a3 50. gxh4 Qc7 51. Qb3 Qxe5+ 52. Kg2 a2 53. Qxa2 Qe4+ 54.
Kg3 Qxb7 55. Qa1+ Kg8 56. Qf6 Qd5 57. Qc3 Qd6+ 58. Kg2 Qf4 59. Qc8+ Kg7 60. Qg4
Qd2+ 61. Kg3 Qe3+ 62. Kg2 Kh6 63. Qc4 f5 64. Qg8 Qe2+ 65. Kg3 Qe5+ 66. Kg2 Qg7
67. Qd8 Qb2+ 68. Kg3 Qc3+ 69. Kg2 Kh7 70. Qe7+ Qg7 71. Qd8 Qb2+ 72. Kf3 Qc3+ 73.
Kf4 Qc1+ 74. Kf3 Qf1+ 75. Kg3 Qe1+ 76. Kf3 Qe4+ 77. Kf2 Kg7 78. Qc7+ Kf6 79.
Qd8+ Kf7 80. Qc7+ Qe7 81. Qc4+ Kg7 82. Qd4+ Qf6 83. Qf4 Qb2+ 84. Kg1 Qb1+ 85.
Kf2 Qc2+ 86. Kg1 Kf7 87. Qd4 Qe4 88. Qd7+ Qe7 89. Qd5+ Qe6 90. Qd4 Qe1+ 91. Kh2
Qe4 92. Qd7+ Kf6 93. Qd8+ Kg7 94. Qc7+ Kh6 95. Qd8 Qf4+ 96. Kg2 Kh5 97. Qh8+ Qh6
98. Qd4 Qf8 99. Kg3 Qb8+ 100. Kg2 Qe8 101. Qf6 Kh6 102. Qg5+ Kh7 103. Qf6 Qh8
104. Qe7+ Qg7 105. Qd8 Qb7+ 106. Kg3 Kg7 107. Qd4+ Kf7 108. Qc4+ Kf6 109. Qd4+
Ke6 110. Qc4+ Kf6 111. Qd4+ Kf7 112. Qc4+ Kg7 113. Qd4+ Kh7 1/2-1/2

[Event "Meltwater Tour Final 2022"]
[Site "chess24.com INT"]
[Date "2022.11.14"]
[Round "1.3"]
[White "Praggnanandhaa, R"]
[Black "Mamedyarov, Shakhriyar"]
[Result "1-0"]
[WhiteTitle "GM"]
[BlackTitle "GM"]
[WhiteElo "2678"]
[BlackElo "2741"]
[WhiteFideId "25059530"]
[BlackFideId "13401319"]
[EventDate "2022.11.14"]

1. e3 e5 2. c4 Nf6 3. Nc3 Bb4 4. Nge2 O-O 5. a3 Bxc3 6. Nxc3 d5 7. cxd5 Nxd5 8.
d3 c5 9. Be2 Nc6 10. Bd2 Nxc3 11. Bxc3 Qd6 12. O-O Rd8 13. Qa4 Bd7 14. Qh4 Bf5
15. Rad1 Qg6 16. Qg3 Qxg3 17. hxg3 a5 18. f4 exf4 19. gxf4 h5 20. Kf2 b5 21. Rh1
b4 22. Rxh5 Bg6 23. Rxc5 bxc3 24. Rxc6 cxb2 25. Rb1 Rab8 26. e4 Rb3 27. f5 Bh7
28. Ke3 Kf8 29. Rc5 f6 30. Rxa5 Bg8 31. Ra4 Rdb8 32. Kd2 Ke7 33. Bd1 R3b6 34.
Rb4 Rxb4 35. axb4 Rxb4 36. Kc3 Kd6 37. Kxb4 1-0

[Event "Meltwater Tour Final 2022"]
[Site "chess24.com INT"]
[Date "2022.11.14"]
[Round "1.3"]
[White "Le, Quang Liem"]
[Black "Giri, Anish"]
[Result "1/2-1/2"]
[WhiteTitle "GM"]
[BlackTitle "GM"]
[WhiteElo "2728"]
[BlackElo "2764"]
[WhiteFideId "12401137"]
[BlackFideId "24116068"]
[EventDate "2022.11.14"]

1. c4 c5 2. g3 g6 3. Bg2 Bg7 4. Nc3 Nc6 5. a3 Nf6 6. Rb1 O-O 7. b4 cxb4 8. axb4
a5 9. bxa5 Rxa5 10. d3 d5 11. cxd5 Nxd5 12. Nxd5 Rxd5 13. Nf3 b5 14. Bb2 Qb6 15.
O-O Bg4 16. Bxg7 Kxg7 17. Qb3 Rfd8 18. Qb2+ Kg8 19. Rfc1 Rc5 20. Rxc5 Qxc5 21.
Qxb5 Qxb5 22. Rxb5 Bxf3 23. Bxf3 Nd4 24. Re5 Nxf3+ 25. exf3 Rxd3 26. Rxe7 Rxf3
27. Ra7 Rb3 28. Rc7 Ra3 29. Rd7 Rb3 30. Rc7 Ra3 31. Rd7 Rc3 32. Ra7 Rb3 33. Rd7
Rc3 34. Ra7 Rb3 1/2-1/2

[Event "Meltwater Tour Final 2022"]
[Site "chess24.com INT"]
[Date "2022.11.14"]
[Round "1.3"]
[White "Duda, Jan-Krzysztof"]
[Black "Erigaisi, Arjun"]
[Result "1-0"]
[WhiteTitle "GM"]
[BlackTitle "GM"]
[WhiteElo "2731"]
[BlackElo "2718"]
[WhiteFideId "1170546"]
[BlackFideId "35009192"]
[EventDate "2022.11.14"]

1. c4 c6 2. Nf3 d5 3. g3 dxc4 4. Bg2 Nf6 5. O-O b5 6. a4 Bb7 7. d3 cxd3 8. Ne5
Qc8 9. axb5 cxb5 10. Qb3 Bxg2 11. Qxf7+ Kd8 12. Kxg2 dxe2 13. Re1 Nc6 14. Nf3
Qb7 15. Ra3 Ne5 16. Qe6 Nxf3 17. Rxf3 Qe4 18. Qa6 Rc8 19. Qxb5 e6 20. Bg5 Be7
21. Nc3 Qc6 22. Qxe2 Nd7 23. Ne4 h6 24. Rc1 Qa8 25. Rxc8+ Qxc8 26. Nd6 1-0

[Event "Meltwater Tour Final 2022"]
[Site "chess24.com INT"]
[Date "2022.11.14"]
[Round "1.4"]
[White "Giri, Anish"]
[Black "Le, Quang Liem"]
[Result "1/2-1/2"]
[WhiteTitle "GM"]
[BlackTitle "GM"]
[WhiteElo "2764"]
[BlackElo "2728"]
[WhiteFideId "24116068"]
[BlackFideId "12401137"]
[EventDate "2022.11.14"]

1. e4 e5 2. Nf3 Nc6 3. Bb5 a6 4. Ba4 Nf6 5. O-O Nxe4 6. d4 b5 7. Bb3 d5 8. dxe5
Be6 9. Nbd2 Nc5 10. c3 d4 11. Bxe6 Nxe6 12. cxd4 Ncxd4 13. a4 Bb4 14. axb5 Nxb5
15. Qa4 c5 16. Nc4 O-O 17. Be3 Rb8 18. Qd1 Qc8 19. Nd6 Nxd6 20. exd6 c4 21. d7
Qb7 22. Qa4 Bc5 23. Ng5 Bxe3 24. Nxe6 fxe6 25. fxe3 Rfd8 26. Qxc4 Qxd7 27. Rxa6
Qd5 28. Qxd5 exd5 29. Rf2 Rb3 30. Re6 Rdb8 31. Re5 Rxb2 32. Rxb2 Rxb2 33. Rxd5
Kf7 34. h3 Ke6 35. Ra5 Re2 36. Ra3 h5 37. Kf1 Rb2 38. Ra5 g6 39. h4 Rb4 40. g3
Rb2 41. Ra4 Ke5 42. Rf4 Ra2 43. Rf2 Ra1+ 44. Ke2 Rg1 45. Kf3 Ra1 46. Rb2 Rf1+
47. Ke2 Rh1 48. Rb4 Rg1 49. Kf2 Rh1 50. Rb5+ Ke4 51. Rb4+ Ke5 52. Rf4 Rh2+ 53.
Kf3 Rh1 54. Re4+ Kf5 55. Ra4 Rf1+ 56. Ke2 Rg1 57. Kf2 Rh1 58. Ra6 Rb1 59. Ra8
Rc1 60. Rf8+ Ke4 61. Rf4+ Ke5 62. Ra4 Kf5 63. Ke2 Rg1 64. Kf3 Rf1+ 65. Kg2 Re1
66. Ra5+ Ke4 67. Rg5 Rxe3 68. Rxg6 Re2+ 69. Kh3 Rf2 70. Re6+ Kd5 71. Ra6 Rf5 72.
Kg2 Ke4 73. Rb6 Ke5 74. Kh3 Ke4 75. Rh6 Ke5 76. Rg6 Ke4 77. g4 Rf3+ 78. Kg2 Rf4
79. Kg3 Rf3+ 80. Kg2 Rf4 81. Re6+ Kd5 82. Rh6 Rxg4+ 83. Kh3 Rg1 84. Rxh5+ Ke6
85. Ra5 Kf6 86. Ra6+ Kg7 87. Ra7+ Kh6 88. Ra6+ Kh5 89. Ra5+ Kh6 90. Ra6+ Kh5 91.
Ra5+ Kh6 92. Ra6+ 1/2-1/2

[Event "Meltwater Tour Final 2022"]
[Site "chess24.com INT"]
[Date "2022.11.14"]
[Round "1.4"]
[White "So, Wesley"]
[Black "Carlsen, Magnus"]
[Result "1/2-1/2"]
[WhiteTitle "GM"]
[BlackTitle "GM"]
[WhiteElo "2760"]
[BlackElo "2859"]
[WhiteFideId "5202213"]
[BlackFideId "1503014"]
[EventDate "2022.11.14"]

1. e4 e5 2. Nf3 Nc6 3. Bc4 Nf6 4. d3 Bc5 5. O-O d6 6. c3 a5 7. Re1 O-O 8. h3 Be6
9. Bb5 Ba7 10. d4 Bd7 11. Ba4 Re8 12. Bc2 h6 13. a4 exd4 14. cxd4 Nb4 15. Nc3
Nxc2 16. Qxc2 c6 17. Re2 b5 18. axb5 cxb5 19. e5 dxe5 20. dxe5 Nh7 21. Be3 Bxe3
22. Rxe3 Ng5 23. Nxg5 Qxg5 24. Rae1 Bc6 25. Ne4 Qg6 26. Nf6+ gxf6 27. Rg3 Qxg3
28. fxg3 Re6 29. Qf5 fxe5 30. Rxe5 Rae8 31. Qg4+ Rg6 32. Rxe8+ Bxe8 33. Qf4 a4
34. g4 Bc6 35. Kf2 Re6 36. Qd2 Kg7 37. g5 h5 38. Kg3 Be4 39. Qb4 Bg6 40. Qxb5
Re3+ 41. Kh2 Re4 42. g3 Kh7 43. Kg1 Rd4 44. Kf2 Rd3 45. Qxa4 Rd2+ 46. Kf3 Rxb2
47. g4 h4 48. Qd1 Ra2 49. Qe1 Ra3+ 50. Kg2 Rg3+ 51. Kh2 Kg8 52. Qe8+ Kg7 53. Qe1
Kg8 54. Qe8+ Kg7 55. Qd8 Rd3 56. Qf6+ Kg8 57. Qf2 Rg3 58. Qc5 Kg7 59. Qb4 Kg8
60. Qb2 Kh7 61. Qa1 Kg8 62. Qe5 Kh7 63. Qf6 Kg8 64. Qd6 Kg7 65. Qb8 Rd3 66. Qe5+
Kg8 67. Qb8+ Kg7 68. Qe5+ Kg8 69. Qb8+ Kg7 1/2-1/2

[Event "Meltwater Tour Final 2022"]
[Site "chess24.com INT"]
[Date "2022.11.14"]
[Round "1.4"]
[White "Mamedyarov, Shakhriyar"]
[Black "Praggnanandhaa, R"]
[Result "1-0"]
[WhiteTitle "GM"]
[BlackTitle "GM"]
[WhiteElo "2741"]
[BlackElo "2678"]
[WhiteFideId "13401319"]
[BlackFideId "25059530"]
[EventDate "2022.11.14"]

1. d4 d5 2. c4 dxc4 3. Nf3 Nf6 4. e3 e6 5. Bxc4 c5 6. O-O Nc6 7. Nc3 a6 8. dxc5
Qxd1 9. Rxd1 Bxc5 10. Nd2 O-O 11. Nb3 Bb4 12. Be2 Bd7 13. Ne4 Nxe4 14. Rxd7 Rab8
15. a3 Bd6 16. Nd2 Nxd2 17. Bxd2 Be5 18. Rb1 Rfd8 19. Rxd8+ Rxd8 20. Be1 g5 21.
g3 f5 22. b4 Bf6 23. b5 axb5 24. Rxb5 Rd7 25. Kg2 g4 26. Bc4 Kf7 27. Rxf5 Kg6
28. Rf4 h5 29. Bxe6 Rd1 30. Bb4 Be5 31. Re4 Kf6 32. Bc8 b5 33. h3 Na7 34. Be7+
Kxe7 35. Rxe5+ Kf6 36. Rf5+ Kg6 37. Rc5 gxh3+ 38. Bxh3 Ra1 39. Rc3 1-0

[Event "Meltwater Tour Final 2022"]
[Site "chess24.com INT"]
[Date "2022.11.14"]
[Round "1.5"]
[White "Giri, Anish"]
[Black "Le, Quang Liem"]
[Result "1-0"]
[WhiteTitle "GM"]
[BlackTitle "GM"]
[WhiteElo "2764"]
[BlackElo "2728"]
[WhiteFideId "24116068"]
[BlackFideId "12401137"]
[EventDate "2022.11.14"]

1. e4 e5 2. Nf3 Nc6 3. Bb5 a6 4. Ba4 Nf6 5. O-O Nxe4 6. d4 b5 7. Bb3 d5 8. dxe5
Be6 9. Nbd2 Nc5 10. c3 d4 11. Bxe6 Nxe6 12. cxd4 Ncxd4 13. a4 Bb4 14. axb5 Nxb5
15. Qa4 c5 16. Nc4 O-O 17. Be3 Rb8 18. Qd1 Qc8 19. Qd5 Rd8 20. Qe4 a5 21. h4 h6
22. Qg4 Kh8 23. h5 Ned4 24. Qxc8 Rdxc8 25. Kh2 Ne6 26. Nfd2 Bxd2 27. Bxd2 Nbd4
28. Bxa5 Nb3 29. Ra3 Nxa5 30. Rxa5 Rd8 31. g3 Kg8 32. Rc1 Rd4 33. Kg2 Rd7 34.
Rca1 Rb4 35. Ra8+ Kh7 36. Nd6 Rxb2 37. Re8 g6 38. Raa8 gxh5 39. Rh8+ Kg6 40.
Rhg8+ Ng7 41. Ne8 f5 42. exf6 Rdd2 43. Rxg7+ Kf5 44. Nd6+ Kxf6 45. Ne8+ Kf5 46.
Rf7+ Ke6 47. Raa7 c4 48. Rf6+ Ke5 49. Re7+ Kd4 50. Rf4+ Kc3 51. Ree4 Rb4 52. Nc7
Ra4 53. Nb5+ Kb3 54. Nd4+ Kb2 55. Nf3 Rc2 56. Ne5 Kb3 57. Nxc4 Raxc4 58. Rxc4
Rxc4 59. Rxc4 Kxc4 60. Kh3 Kd3 61. Kh4 Ke4 62. f4 1-0

[Event "Meltwater Tour Final 2022"]
[Site "chess24.com INT"]
[Date "2022.11.14"]
[Round "1.6"]
[White "Le, Quang Liem"]
[Black "Giri, Anish"]
[Result "1/2-1/2"]
[WhiteTitle "GM"]
[BlackTitle "GM"]
[WhiteElo "2728"]
[BlackElo "2764"]
[WhiteFideId "12401137"]
[BlackFideId "24116068"]
[EventDate "2022.11.14"]

1. c4 c5 2. g3 g6 3. Bg2 Bg7 4. Nc3 Nc6 5. a3 Nf6 6. Rb1 O-O 7. d3 a6 8. b4 cxb4
9. axb4 d6 10. Nf3 b5 11. O-O Rb8 12. cxb5 axb5 13. Bd2 Bd7 14. Qb3 Be6 15. Qc2
Qd7 16. Rfc1 Rfc8 17. Qd1 h6 18. e3 Bh3 19. d4 Bxg2 20. Kxg2 Qb7 21. Kg1 Na7 22.
Be1 Rc7 23. d5 Rbc8 24. Ra1 Rc4 25. Nd4 Nxd5 26. Nxd5 Rxc1 27. Nxe7+ Qxe7 28.
Rxc1 Rxc1 29. Qxc1 Bxd4 30. exd4 Qe4 31. d5 Qxd5 32. Qxh6 Nc6 33. Bc3 Ne5 34.
Bxe5 dxe5 35. Qc1 Qd4 36. Qa3 Kg7 37. h4 f5 38. Qa5 Qd1+ 39. Kh2 Qd4 40. Qc7+
Kf6 41. Qc6+ Kf7 42. Qb7+ Kf6 43. Qc6+ Kf7 44. Qc7+ Kf6 45. Kg1 Qxb4 46. Qd8+
Kf7 47. Qd7+ Kf6 48. Qd8+ Kf7 49. Qd7+ Kf6 50. Qc6+ Kf7 51. Qd5+ Kf6 52. Qd8+ 1/2-1/2

[Event "Meltwater Tour Final 2022"]
[Site "chess24.com INT"]
[Date "2022.11.15"]
[Round "2.1"]
[White "Giri, Anish"]
[Black "Praggnanandhaa, R"]
[Result "0-1"]
[WhiteTitle "GM"]
[BlackTitle "GM"]
[WhiteElo "2764"]
[BlackElo "2678"]
[WhiteFideId "24116068"]
[BlackFideId "25059530"]
[EventDate "2022.11.14"]

1. d4 Nf6 2. c4 e6 3. Nc3 Bb4 4. f3 c5 5. a3 Bxc3+ 6. bxc3 Nc6 7. e4 d6 8. Ne2
b6 9. Ng3 O-O 10. Be2 Ba6 11. O-O Na5 12. f4 cxd4 13. cxd4 Bxc4 14. f5 h6 15.
Bxc4 Nxc4 16. Rb1 e5 17. d5 Rc8 18. Nh5 Na5 19. Rb4 Rc3 20. Bd2 Rd3 21. Qc2 Rxa3
22. Nxg7 Kxg7 23. Qc1 Rd3 24. Bxh6+ Kh7 25. Bg5 Rg8 26. h4 Nb3 27. Qe1 Nc5 28.
Kh1 a5 29. Rc4 b5 30. Rc3 Rxc3 31. Qxc3 Ncxe4 32. Qe3 Qc8 33. Rf3 Qc2 0-1

[Event "Meltwater Tour Final 2022"]
[Site "chess24.com INT"]
[Date "2022.11.15"]
[Round "2.1"]
[White "Le, Quang Liem"]
[Black "So, Wesley"]
[Result "1/2-1/2"]
[WhiteTitle "GM"]
[BlackTitle "GM"]
[WhiteElo "2728"]
[BlackElo "2760"]
[WhiteFideId "12401137"]
[BlackFideId "5202213"]
[EventDate "2022.11.14"]

1. c4 Nf6 2. Nc3 c5 3. Nf3 Nc6 4. d4 cxd4 5. Nxd4 e6 6. g3 Qb6 7. Ndb5 Ne5 8.
Bf4 Nfg4 9. e3 a6 10. Qa4 g5 11. Bxe5 Nxe5 12. O-O-O Rb8 13. Nd4 Bg7 14. Be2 h6
15. Kb1 Nc6 16. f4 Qc7 17. Qc2 b5 18. Ncxb5 axb5 19. cxb5 Bb7 20. Bf3 O-O 21.
bxc6 dxc6 22. Nb3 c5 23. Bxb7 Qxb7 24. Rhe1 Rfc8 25. Re2 Bxb2 26. Qxb2 c4 27.
Rc2 cxb3 28. Rxc8+ Rxc8 29. Qxb3 Qg2 30. fxg5 hxg5 31. Rc1 Rd8 32. Rc2 Qh1+ 33.
Kb2 Qa8 34. Qc3 Rb8+ 35. Ka1 Qh1+ 36. Rc1 Qxh2 37. Qe5 Qh8 38. Qxh8+ Kxh8 39.
Rc5 g4 40. Rh5+ Kg7 41. Rg5+ Kf6 42. Rxg4 Ke5 43. Rf4 f5 44. g4 Rg8 45. gxf5
exf5 46. Rb4 Rg3 47. Rb3 Ke4 48. Kb2 Rg2+ 49. Kb1 Rg1+ 50. Kb2 Rg2+ 51. Kb1 Rg1+
52. Kb2 Rg2+ 1/2-1/2

[Event "Meltwater Tour Final 2022"]
[Site "chess24.com INT"]
[Date "2022.11.15"]
[Round "2.1"]
[White "Mamedyarov, Shakhriyar"]
[Black "Duda, Jan-Krzysztof"]
[Result "1/2-1/2"]
[WhiteTitle "GM"]
[BlackTitle "GM"]
[WhiteElo "2741"]
[BlackElo "2731"]
[WhiteFideId "13401319"]
[BlackFideId "1170546"]
[EventDate "2022.11.14"]

1. d4 Nf6 2. c4 g6 3. Nc3 d5 4. Bf4 Bg7 5. e3 O-O 6. cxd5 Nxd5 7. Nxd5 Qxd5 8.
Bxc7 Na6 9. Bxa6 Qxg2 10. Qf3 Qxf3 11. Nxf3 bxa6 12. Rc1 Bb7 13. Ke2 f6 14. Rc5
e6 15. Rhc1 Rf7 16. Bg3 Bf8 17. Rc7 Re8 18. Nd2 g5 19. a3 h5 20. h4 Rxc7 21.
Rxc7 Re7 22. Rc1 Rg7 23. hxg5 fxg5 24. Be5 Rf7 25. f3 Kh7 26. e4 a5 27. Kf2 g4
28. Rc7 Rxc7 29. Bxc7 Bg7 30. Be5 Bxe5 31. dxe5 gxf3 32. Kxf3 a4 33. Kf4 Kg6 34.
Nf3 Bc6 35. Nh4+ Kh6 36. Nf3 Kg6 37. Nd4 Bd7 38. Kg3 Kg5 39. Nf3+ Kg6 40. Kh4
Bc6 41. Ng5 Bb7 42. Nxe6 Bxe4 43. Nc5 Bc6 44. e6 Bd5 45. Nxa4 Bxe6 46. b4 Bg4
47. Nc3 Kf6 48. Nb5 a6 49. Nc7 Be2 50. a4 Ke5 51. Nxa6 Bxa6 52. Kxh5 Kd5 53. b5
Bxb5 54. axb5 Kc5 55. Kg5 Kxb5 1/2-1/2